[Event "Pattaya op"]
[Site "Pattaya"]
[Date "2019.10.30"]
[Round "9"]
[White "Culasing, Michael"]
[Black "Gras, Guillaume"]
[Result "0-1"]
[WhiteElo "1742"]
[BlackElo "2072"]
[PlyCount "98"]
[EventDate "2019.10.23"]
[EventType "swiss"]
[EventRounds "9"]
[EventCountry "THA"]
[SourceTitle "CBM 195 Extra"]
[Source "ChessBase"]
[SourceDate "2020.05.31"]
[SourceVersion "1"]
[SourceVersionDate "2020.05.31"]
[SourceQuality "1"]

1. Nf3 f5 2. d4 Nf6 3. Bg5 e6 4. c4 d6 5. Bxf6 Qxf6 6. Nc3 c6 7. e4 e5 8. Be2 Na6 9. 0-0 f4 10. a3 g5 11. dxe5 dxe5 12. Ne1 Be6 13. Bh5+ Bf7 14. b4 Rd8 15. Qg4 Be7 16. Bxf7+ Kxf7 17. Qe2 Nc7 18. Nc2 h5 19. f3 Ne6 20. Rfd1 Bd6 21. c5 Bc7 22. Qc4 Kg6 23. a4 g4 24. Kh1 g3 25. h3 Rhe8 26. Ne2 Qh4 27. a5 a6 28. Rxd8 Qxd8 29. Ne1 Kf6 30. Qc2 Nd4 31. Nxd4 Qxd4 32. Rd1 Qxb4 33. Nd3 Qxa5 34. Qb2 Qb5 35. Nb4 a5 36. Nd5+ Kf7 37. Qxb5 cxb5 38. Nxc7 b4 39. Nb5 b3 40. Nd6+ Ke7 41. Nxb7 a4 42. Nd6 a3 43. Nc4 a2 44. c6 Rc8 45. Rd7+ Kf8 46. Rd1 Rxc6 47. Na5 Rd6 48. Rc1 b2 49. Rc8+ Kf7 0-1

[Event "Pattaya Thailand op 2nd"]
[Site "Pattaya"]
[Date "2019.10.25"]
[Round "2"]
[White "Gras, Guillaume"]
[Black "Gomez, John Paul"]
[Result "0-1"]
[WhiteElo "2056"]
[BlackElo "2433"]
[PlyCount "136"]
[EventDate "2019.10.23"]
[EventType "swiss"]
[EventRounds "9"]
[EventCountry "THA"]
[SourceTitle "CBM 192 Extra"]
[Source "Chessbase"]
[SourceDate "2019.11.06"]
[SourceVersion "1"]
[SourceVersionDate "2019.11.06"]
[SourceQuality "1"]

1. c4 c6 2. Nc3 d5 3. e3 Nf6 4. Nf3 Bf5 5. Qb3 Qb6 6. cxd5 Qxb3 7. axb3 Nxd5 8. Nxd5 cxd5 9. Nd4 Bd7 10. Nb5 Bxb5 11. Bxb5+ Nd7 12. d4 e6 13. Bd2 Bd6 14. 0-0 a6 15. f3 Ke7 16. Bd3 Rhc8 17. e4 dxe4 18. fxe4 e5 19. Bc4 f6 20. Bd5 Rc2 21. Bc3 Rb8 22. Rac1 Rxc1 23. Rxc1 b6 24. dxe5 Nxe5 25. Bxe5 Bxe5 26. g4 h5 27. h3 hxg4 28. hxg4 Rh8 29. g5 fxg5 30. Kg2 Rh2+ 31. Kf3 Rxb2 32. Rc6 Bd4 33. Rc7+ Kd6 34. Rc6+ Kd7 35. Rg6 Rf2+ 36. Kg3 Rf1 37. Kg4 Rg1+ 38. Kf3 g4+ 39. Kf4 Rf1+ 40. Kxg4 Rg1+ 41. Kf5 Rxg6 42. Kxg6 Kd6 43. Kf5 b5 44. Bg8 a5 45. Bf7 Bc3 46. Bg8 Bf6 47. Bf7 Bb2 48. Be8 Kc5 49. Bf7 Bf6 50. Bg8 Kd4 51. Be6 a4 52. bxa4 bxa4 53. Ba2 Be7 54. Kg6 Bf8 55. Kf5 Be7 56. Kg6 Bf8 57. Kf5 Be7 58. Kg6 Bf6 59. Kf5 g5 60. Kxf6 g4 61. e5 g3 62. e6 g2 63. e7 g1Q 64. Bf7 Qf2+ 65. Kg7 Qg3+ 66. Bg6 Qc7 67. Kf8 a3 68. Bf7 Qd6 0-1

[Event "Quebec op"]
[Site "Quebec"]
[Date "2017.08.16"]
[Round "6"]
[White "Gras, Guillaume"]
[Black "Tanaka, Taira Tyler"]
[Result "1-0"]
[WhiteElo "2061"]
[BlackElo "2004"]
[PlyCount "117"]
[EventDate "2017.08.12"]
[EventType "swiss"]
[EventRounds "9"]
[EventCountry "CAN"]
[SourceTitle "CBM 180 Extra"]
[Source "ChessBase"]
[SourceDate "2017.10.06"]
[SourceVersion "1"]
[SourceVersionDate "2017.10.06"]
[SourceQuality "1"]

1. e4 c5 2. Nf3 g6 3. h4 h5 4. Bc4 Bg7 5. Nc3 Nc6 6. d3 d6 7. Ng5 e6 8. Qf3 Nf6 9. Bb5 Bd7 10. Bxc6 Bxc6 11. Qg3 Ng4 12. Ne2 Qe7 13. f3 Ne5 14. Bf4 0-0-0 15. 0-0-0 Bb5 16. Rhe1 Nc6 17. Bd2 Qc7 18. Bc3 Nd4 19. Nxd4 cxd4 20. Bb4 Rd7 21. Kb1 Kb8 22. Nxf7 Be5 23. Nxe5 dxe5 24. c3 a5 25. Bxa5 Bxd3+ 26. Rxd3 Qxa5 27. cxd4 Rc7 28. Red1 exd4 29. Rxd4 Qc5 30. a3 Rhc8 31. R4d2 Ka8 32. Qxg6 Rc6 33. Qg5 Qc4 34. Qa5+ Ra6 35. Qb4 Qc7 36. Rd7 Qc2+ 37. Ka2 Rb8 38. R1d2 Qc1 39. Rf7 Qc6 40. Rd4 e5 41. Rd5 Rc8 42. Rf8 Kb8 43. Rdd8 Rxd8 44. Rxd8+ Ka7 45. Rd5 Kb8 46. Qf8+ Ka7 47. Qc5+ Qxc5 48. Rxc5 Re6 49. g4 hxg4 50. fxg4 Rc6 51. Rxe5 Rg6 52. Rg5 Re6 53. h5 b5 54. h6 Re7 55. Rg7 Rxg7 56. hxg7 b4 57. axb4 Kb7 58. g8Q Ka7 59. Qe6 1-0

[Event "Zilina Region-ch"]
[Site "Zilina"]
[Date "2013.05.17"]
[Round "1"]
[White "Gras, Guillaume"]
[Black "Urbanic, Martin"]
[Result "1-0"]
[WhiteElo "2049"]
[BlackElo "1930"]
[PlyCount "89"]
[EventDate "2013.05.17"]
[EventType "swiss"]
[EventRounds "6"]
[EventCountry "SVK"]
[SourceTitle "CBM 154 Extra"]
[Source "ChessBase"]
[SourceDate "2013.06.25"]
[SourceVersion "2"]
[SourceVersionDate "2013.06.25"]
[SourceQuality "1"]

1. e4 e5 2. Nf3 Nc6 3. d4 exd4 4. Bc4 Be7 5. c3 d6 6. cxd4 Nf6 7. Nc3 0-0 8. h3 h6 9. Bb3 Re8 10. 0-0 a6 11. Re1 b5 12. Nd5 Na5 13. Bc2 Nxd5 14. exd5 Bf8 15. Rxe8 Qxe8 16. b3 Nb7 17. Be3 f5 18. Qd3 Bd7 19. g4 g6 20. Nh4 fxg4 21. Nxg6 Qf7 22. Nf4 Re8 23. Kh2 h5 24. Qg6+ Qxg6 25. Bxg6 Re7 26. Bxh5 gxh3 27. Ng6 Rh7 28. Rg1 Bg7 29. Nf4 Nd8 30. Bg4 Bxg4 31. Rxg4 Kf7 32. Nxh3 Bf6 33. Kg3 c6 34. Ng5+ Bxg5 35. Bxg5 Rh8 36. Rf4+ Ke8 37. Bxd8 Kxd8 38. dxc6 Rh5 39. Rf7 Rd5 40. f4 Rxd4 41. f5 Rd1 42. f6 Ke8 43. Rd7 Rc1 44. f7+ Kf8 45. c7 1-0

[Event "SVK-chT2C 1213"]
[Site "Slovakia"]
[Date "2013.02.02"]
[Round "7.3"]
[White "Kopera, Michal"]
[Black "Gras, Guillaume"]
[Result "1/2-1/2"]
[WhiteElo "2082"]
[BlackElo "2048"]
[PlyCount "57"]
[EventDate "2012.10.13"]
[EventType "team-tourn"]
[EventRounds "11"]
[EventCountry "SVK"]
[SourceTitle "EXT 2015"]
[Source "ChessBase"]
[SourceDate "2014.11.20"]
[SourceVersion "1"]
[SourceVersionDate "2014.11.20"]
[SourceQuality "1"]
[WhiteTeam "Zilina Mladost II"]
[BlackTeam "Cadca Caissa II"]
[WhiteTeamCountry "SVK"]
[BlackTeamCountry "SVK"]

1. e4 Nf6 2. Nc3 d5 3. exd5 Nxd5 4. d4 Nc6 5. Nf3 Bg4 6. Be2 e6 7. 0-0 Be7 8. Ne4 Nf6 9. Nxf6+ Bxf6 10. c3 0-0 11. Bf4 Ne7 12. h3 Bxf3 13. Bxf3 c6 14. Re1 Qb6 15. Qc2 Rfd8 16. a4 Rd7 17. b4 Nd5 18. Bd2 Qc7 19. Rab1 Rad8 20. Rbd1 g6 21. Qb3 e5 22. dxe5 Bxe5 23. c4 Nf4 24. Bxf4 Rxd1 25. Rxd1 Rxd1+ 26. Qxd1 Bxf4 27. g3 Be5 28. b5 c5 29. Qd5 1/2-1/2

[Event "Quebec Montcalm op 5 2010-11"]
[Site "Quebec"]
[Date "2011.03.10"]
[Round "4"]
[White "Lapierre, Gaetan"]
[Black "Gras, Guillaume"]
[Result "0-1"]
[WhiteElo "1898"]
[BlackElo "2122"]
[PlyCount "111"]
[EventDate "2011.02.16"]
[EventType "swiss"]
[EventRounds "5"]
[EventCountry "CAN"]
[SourceTitle "EXT 2022"]
[Source "ChessBase"]
[SourceDate "2021.10.06"]
[SourceVersion "1"]
[SourceVersionDate "2021.10.06"]
[SourceQuality "1"]

1. e4 Nf6 2. e5 Nd5 3. d4 d6 4. c4 Nb6 5. f4 dxe5 6. fxe5 c5 7. d5 g6 8. Nf3 Bg7 9. Be2 0-0 10. 0-0 Bg4 11. Bf4 e6 12. Bg5 Qd7 13. Nc3 exd5 14. cxd5 Bxf3 15. Rxf3 Bxe5 16. Bb5 Qg4 17. Be7 Qd4+ 18. Kh1 a6 19. Bxf8 axb5 20. Qf1 Kxf8 21. Rxf7+ Kg8 22. Rf8+ Kg7 23. Qf7+ Kh6 24. Qe7 N8d7 25. Rxa8 Qf4 26. Kg1 Qxh2+ 27. Kf1 Qh1+ 28. Kf2 Bd4+ 29. Kg3 Qh5 30. Rf8 Nf6 31. Rxf6 Qg5+ 32. Kf3 Qh5+ 33. Ke4 Qh4+ 34. Kd3 Bxf6 35. Qxc5 Nc4 36. Nxb5 Nxb2+ 37. Ke2 Qg4+ 38. Kf1 Qf4+ 39. Qf2 Qc4+ 40. Qe2 Nd3 41. Rd1 Qxb5 42. Qxd3 Qa5 43. d6 Kg7 44. d7 Qd8 45. Qe4 Qa5 46. d8Q Bxd8 47. Qxb7+ Kh6 48. Qd5 Qa6+ 49. Kg1 Bb6+ 50. Kh1 Qa3 51. Qb3 Qa5 52. Qh3+ Kg5 53. Qxh7 Qxa2 54. Qe7+ Kf5 55. Rf1+ Kg4 56. Qe6+ 0-1

[Event "Quebec-ch Class"]
[Site "Montreal"]
[Date "2011.01.23"]
[Round "5"]
[White "Kraiouchkine, Nikita"]
[Black "Gras, Guillaume"]
[Result "1-0"]
[WhiteElo "2235"]
[BlackElo "2127"]
[PlyCount "51"]
[EventDate "2011.01.21"]
[EventType "swiss"]
[EventRounds "5"]
[EventCountry "CAN"]
[SourceTitle "EXT 2013"]
[Source "ChessBase"]
[SourceDate "2012.11.22"]
[SourceVersion "1"]
[SourceVersionDate "2012.11.22"]
[SourceQuality "1"]

1. e4 e6 2. d4 d5 3. Nc3 Nf6 4. e5 Nfd7 5. f4 c5 6. Nf3 Nc6 7. Be3 a6 8. Qd2 b5 9. a3 Be7 10. dxc5 Nxc5 11. Qf2 Nd7 12. Qg3 g5 13. fxg5 d4 14. Nxd4 Ndxe5 15. 0-0-0 Qa5 16. Nb3 Qc7 17. Bf4 Bb7 18. Be2 Rg8 19. Bf3 Bxg5 20. Bxg5 h6 21. Ne4 Rxg5 22. Nxg5 hxg5 23. Rhe1 f6 24. Nc5 Nd4 25. Bxb7 Qxc5 26. Rxd4 1-0

[Event "Quebec Montcalm op"]
[Site "Quebec"]
[Date "2011.01.09"]
[Round "4"]
[White "Beaudoin, Stephane"]
[Black "Gras, Guillaume"]
[Result "0-1"]
[WhiteElo "2044"]
[BlackElo "2039"]
[PlyCount "44"]
[EventDate "2011.01.07"]
[EventType "swiss"]
[EventRounds "5"]
[EventCountry "CAN"]
[SourceTitle "EXT 2022"]
[Source "ChessBase"]
[SourceDate "2021.10.06"]
[SourceVersion "1"]
[SourceVersionDate "2021.10.06"]
[SourceQuality "1"]

1. e4 Nf6 2. e5 Nd5 3. Bc4 Nb6 4. Bb3 d6 5. Nf3 Nc6 6. e6 Bxe6 7. Bxe6 fxe6 8. d4 Nd5 9. 0-0 Nf6 10. c4 d5 11. Nc3 dxc4 12. Qa4 Nd5 13. Qxc4 Qd7 14. Ne4 Nb6 15. Qc3 Qd5 16. Re1 0-0-0 17. Neg5 e5 18. dxe5 h6 19. Ne4 e6 20. a3 Be7 21. b4 Qd3 22. Nd6+ Rxd6 0-1

[Event "Quebec Montcalm op"]
[Site "Quebec"]
[Date "2011.01.08"]
[Round "2"]
[White "Gras, Guillaume"]
[Black "Bolduc, Steve"]
[Result "1/2-1/2"]
[WhiteElo "2039"]
[BlackElo "2256"]
[PlyCount "55"]
[EventDate "2011.01.07"]
[EventType "swiss"]
[EventRounds "5"]
[EventCountry "CAN"]
[SourceTitle "EXT 2022"]
[Source "ChessBase"]
[SourceDate "2021.10.06"]
[SourceVersion "1"]
[SourceVersionDate "2021.10.06"]
[SourceQuality "1"]

1. e4 c5 2. Nf3 g6 3. c3 d5 4. e5 Nc6 5. d4 Bg4 6. Be3 Nh6 7. Qb3 Qd7 8. Nbd2 Nf5 9. dxc5 Nxe3 10. fxe3 Bh6 11. c4 d4 12. Be2 Bxe3 13. Rd1 0-0-0 14. Qa3 Kb8 15. Nf1 Bf4 16. Ng3 Bxf3 17. Bxf3 Nxe5 18. 0-0 Bxg3 19. hxg3 Nxf3+ 20. Rxf3 e5 21. Rf6 Qe7 22. Qf3 Qxc5 23. Rxf7 Qc6 24. Qxc6 bxc6 25. Rd3 Rdf8 26. Rg7 Rfg8 27. Rf7 Rf8 28. Rg7 1/2-1/2

[Event "Quebec-ch Elite"]
[Site "Montreal"]
[Date "2010.10.11"]
[Round "6"]
[White "Gras, Guillaume"]
[Black "Bouchard, Jean Marc"]
[Result "1/2-1/2"]
[WhiteElo "2094"]
[BlackElo "1857"]
[PlyCount "68"]
[EventDate "2010.10.08"]
[EventType "swiss"]
[EventRounds "7"]
[EventCountry "CAN"]
[SourceTitle "EXT 2013"]
[Source "ChessBase"]
[SourceDate "2012.11.22"]
[SourceVersion "1"]
[SourceVersionDate "2012.11.22"]
[SourceQuality "1"]

1. e4 e6 2. d4 d5 3. Nc3 Nf6 4. Bg5 Be7 5. e5 Nfd7 6. h4 h6 7. Bxe7 Qxe7 8. Qg4 f5 9. exf6 Nxf6 10. Qg6+ Qf7 11. Bd3 Qxg6 12. Bxg6+ Kd8 13. Nf3 Nc6 14. 0-0 Bd7 15. Rfe1 Be8 16. Bd3 Bh5 17. Bb5 Bxf3 18. Bxc6 bxc6 19. gxf3 Ke7 20. Re5 Kd6 21. Rae1 Rae8 22. f4 Nd7 23. R5e3 Rhf8 24. Ne2 Rf6 25. Kh2 g5 26. Kg3 gxf4+ 27. Nxf4 e5 28. dxe5+ Nxe5 29. Nd3 Rg8+ 30. Kh3 Nxd3 31. cxd3 Rxf2 32. Re6+ Kd7 33. Rxh6 Rf3+ 34. Kh2 Rf2+ 1/2-1/2

[Event "Montreal op"]
[Site "Montreal"]
[Date "2010.09.12"]
[Round "5"]
[White "Yuan, Yuanling"]
[Black "Gras, Guillaume"]
[Result "1-0"]
[WhiteElo "2189"]
[BlackElo "2055"]
[PlyCount "69"]
[EventDate "2010.09.10"]
[EventType "swiss"]
[EventRounds "5"]
[EventCountry "CAN"]
[SourceTitle "CBM 138 Extra"]
[Source "ChessBase"]
[SourceDate "2010.10.29"]
[SourceVersion "1"]
[SourceVersionDate "2010.10.29"]
[SourceQuality "1"]

1. e4 Nf6 2. e5 Nd5 3. d4 d6 4. Nf3 dxe5 5. Nxe5 g6 6. c4 Nb6 7. Be2 Bg7 8. 0-0 0-0 9. Nc3 Nc6 10. Nxc6 bxc6 11. Be3 Ba6 12. b3 c5 13. dxc5 Bxc3 14. cxb6 axb6 15. Rc1 Bg7 16. Bf3 Rb8 17. Qc2 c5 18. Rfd1 Qc7 19. Rd2 Bc8 20. Rcd1 f5 21. g3 e5 22. Bd5+ Kh8 23. f3 Ba6 24. b4 Rbe8 25. bxc5 bxc5 26. Qa4 f4 27. Bf2 Bc8 28. Qc6 Qxc6 29. Bxc6 fxg3 30. hxg3 Bh6 31. Rd6 Re6 32. Bxc5 Rff6 33. Rd8+ Kg7 34. Rxc8 Rxc6 35. Rd7+ 1-0

[Event "Montcalm-ch 2009-10"]
[Site "Quebec"]
[Date "2010.05.27"]
[Round "5"]
[White "Sauve, Richard"]
[Black "Gras, Guillaume"]
[Result "0-1"]
[WhiteElo "1985"]
[BlackElo "2090"]
[PlyCount "56"]
[EventDate "2010.04.29"]
[EventType "tourn"]
[EventRounds "5"]
[EventCountry "CAN"]
[SourceTitle "EXT 2022"]
[Source "ChessBase"]
[SourceDate "2021.10.06"]
[SourceVersion "1"]
[SourceVersionDate "2021.10.06"]
[SourceQuality "1"]

1. d4 d5 2. c4 c6 3. e3 e6 4. Nc3 f5 5. Nf3 Nf6 6. g3 Bd6 7. b3 0-0 8. Bg2 Ne4 9. Nxe4 fxe4 10. Nd2 Nd7 11. 0-0 e5 12. Bb2 Qg5 13. Qe2 exd4 14. exd4 Qh6 15. Qe3 Qxe3 16. fxe3 Nf6 17. cxd5 cxd5 18. Rac1 Bd7 19. Rf2 a5 20. a4 b5 21. axb5 Rfb8 22. Nf1 Rxb5 23. Rc3 Rab8 24. Nd2 Bb4 25. Rc7 Bxd2 26. Rxd2 Rxb3 27. Bc3 Rb1+ 28. Kf2 Ng4+ 0-1

[Event "Montcalm-ch 2009-10"]
[Site "Quebec"]
[Date "2010.05.20"]
[Round "4"]
[White "Gras, Guillaume"]
[Black "Caire, Francois"]
[Result "1/2-1/2"]
[WhiteElo "2090"]
[BlackElo "2176"]
[PlyCount "48"]
[EventDate "2010.04.29"]
[EventType "tourn"]
[EventRounds "5"]
[EventCountry "CAN"]
[SourceTitle "EXT 2022"]
[Source "ChessBase"]
[SourceDate "2021.10.06"]
[SourceVersion "1"]
[SourceVersionDate "2021.10.06"]
[SourceQuality "1"]

1. c4 b6 2. Nc3 Bb7 3. e4 e6 4. d4 Bb4 5. d5 Qh4 6. Bd3 f5 7. Nf3 Qg4 8. exf5 exd5 9. Qe2+ Ne7 10. h3 Qh5 11. g4 Qf7 12. Ne5 Qf8 13. 0-0 Bxc3 14. bxc3 d6 15. cxd5 dxe5 16. Qxe5 Qf7 17. Re1 0-0 18. Qxe7 Bxd5 19. c4 Bxc4 20. Bxc4 Qxc4 21. f6 Qf7 22. fxg7 Qxf2+ 23. Kh1 Qf3+ 24. Kh2 Qf2+ 1/2-1/2

[Event "Quebec Montcalm op 4th"]
[Site "Quebec"]
[Date "2010.01.21"]
[Round "2"]
[White "Lessard, Claude"]
[Black "Gras, Guillaume"]
[Result "0-1"]
[WhiteElo "2088"]
[BlackElo "2071"]
[PlyCount "61"]
[EventDate "2010.01.14"]
[EventType "tourn"]
[EventRounds "5"]
[EventCountry "CAN"]
[SourceTitle "EXT 2011"]
[Source "ChessBase"]
[SourceDate "2010.11.26"]
[SourceVersion "1"]
[SourceVersionDate "2010.11.26"]
[SourceQuality "1"]

1. d4 d5 2. Nf3 c6 3. g3 Bg4 4. Ne5 Bh5 5. Bg2 Nf6 6. 0-0 Nbd7 7. Nd3 e6 8. Nf4 Bg6 9. Nd2 Qb6 10. e3 Be7 11. Nxg6 hxg6 12. c4 0-0 13. a4 a5 14. b3 Rfe8 15. Bb2 Bb4 16. f4 Rad8 17. c5 Qa6 18. Nf3 b6 19. Ne5 bxc5 20. Rc1 Rc8 21. Nxd7 Nxd7 22. dxc5 Nxc5 23. Qd4 e5 24. fxe5 Nxb3 25. Qf4 Nxc1 26. Qxf7+ Kh7 27. Rf6 Qd3 28. e4 Ne2+ 29. Kh1 Qb1+ 30. Bc1 Qxc1+ 31. Bf1 0-1

[Event "Quebec-ch Elite qual"]
[Site "Montreal"]
[Date "2010.??.??"]
[Round "2"]
[White "Gras, Guillaume"]
[Black "Giroux, Robert"]
[Result "1-0"]
[WhiteElo "2104"]
[BlackElo "1776"]
[PlyCount "71"]
[EventDate "2010.05.07"]
[EventType "swiss"]
[EventRounds "5"]
[EventCountry "CAN"]
[SourceTitle "EXT 2013"]
[Source "ChessBase"]
[SourceDate "2012.11.22"]
[SourceVersion "1"]
[SourceVersionDate "2012.11.22"]
[SourceQuality "1"]

1. e4 e5 2. Nf3 Nc6 3. d4 exd4 4. Bc4 Bc5 5. 0-0 Nf6 6. e5 d5 7. exf6 dxc4 8. Re1+ Be6 9. Ng5 Qd5 10. Nc3 Qf5 11. Nce4 0-0-0 12. g4 Qe5 13. fxg7 Rhg8 14. Nxe6 fxe6 15. Bh6 d3 16. c3 Bb6 17. Kg2 d2 18. Re2 Ne7 19. f3 c6 20. f4 Qd5 21. Kh3 Qd3+ 22. Ng3 Qg6 23. g5 Nd5 24. Rxd2 Nxf4+ 25. Kh4 Ng2+ 26. Rxg2 Rxd1 27. Rxd1 Bd8 28. Rxd8+ Kxd8 29. Rf2 Ke7 30. Rf8 Qxh6+ 31. gxh6 Rxf8 32. gxf8Q+ Kxf8 33. Kg5 Kf7 34. Ne4 b5 35. a4 Ke7 36. a5 1-0

[Event "Imperia op-A 51st"]
[Site "Imperia"]
[Date "2009.09.06"]
[Round "9"]
[White "Gras, Guillaume"]
[Black "Stoppa, Omar"]
[Result "0-1"]
[WhiteElo "2053"]
[BlackElo "2261"]
[PlyCount "26"]
[EventDate "2009.08.30"]
[EventType "swiss"]
[EventRounds "9"]
[EventCountry "ITA"]
[SourceTitle "EXT 2011"]
[Source "ChessBase"]
[SourceDate "2010.11.26"]
[SourceVersion "1"]
[SourceVersionDate "2010.11.26"]
[SourceQuality "1"]

1. e4 e6 2. b3 d5 3. Bb2 dxe4 4. Nc3 Nf6 5. Qe2 Be7 6. f3 Nc6 7. fxe4 e5 8. Nf3 Bg4 9. 0-0-0 Nd4 10. Qd3 Nxf3 11. gxf3 Qxd3 12. Bxd3 Bxf3 13. Nb5 Bd6 0-1

[Event "Imperia op-A 51st"]
[Site "Imperia"]
[Date "2009.09.03"]
[Round "6"]
[White "Guglielmi, Dante"]
[Black "Gras, Guillaume"]
[Result "0-1"]
[WhiteElo "1899"]
[BlackElo "2053"]
[PlyCount "60"]
[EventDate "2009.08.30"]
[EventType "swiss"]
[EventRounds "9"]
[EventCountry "ITA"]
[SourceTitle "EXT 2011"]
[Source "ChessBase"]
[SourceDate "2010.11.26"]
[SourceVersion "1"]
[SourceVersionDate "2010.11.26"]
[SourceQuality "1"]

1. c4 g6 2. Nc3 Bg7 3. g3 d6 4. Bg2 f5 5. d4 Nf6 6. e3 0-0 7. Nge2 Nc6 8. 0-0 e5 9. b3 e4 10. Nf4 g5 11. Nfd5 g4 12. Ba3 h5 13. Nxf6+ Rxf6 14. Nd5 h4 15. Nxf6+ Qxf6 16. Rb1 Bd7 17. b4 Kh7 18. b5 Nd8 19. Bb2 Qh6 20. a4 Nf7 21. Qe2 Ng5 22. Rfc1 Kg6 23. Qf1 Rh8 24. h3 gxh3 25. Bh1 h2+ 26. Kg2 f4 27. g4 Nf3 28. Kh3 Bxg4+ 29. Kxg4 Qg5+ 30. Kh3 Qf5+ 0-1

[Event "FRA-ch U20"]
[Site "Le Grand Bornand"]
[Date "2003.??.??"]
[Round "6.6"]
[White "Gras, Guillaume"]
[Black "Milliet, Sophie"]
[Result "1-0"]
[WhiteElo "2062"]
[BlackElo "2240"]
[PlyCount "77"]
[EventDate "2003.??.??"]
[EventType "swiss"]
[EventRounds "9"]
[EventCountry "FRA"]
[SourceTitle "EXT 2004"]
[Source "ChessBase"]
[SourceDate "2003.11.25"]
[SourceVersion "1"]
[SourceVersionDate "2003.11.25"]
[SourceQuality "1"]

1. d4 d5 2. Nf3 Nf6 3. e3 g6 4. Bd3 Bg7 5. Ne5 0-0 6. 0-0 Nbd7 7. f4 c5 8. c3 Qc7 9. Nd2 b6 10. Qe1 Bb7 11. Qh4 Rfe8 12. g4 Nxe5 13. fxe5 Nd7 14. Rxf7 Kxf7 15. Qxh7 Qc6 16. Nf3 Rh8 17. e6+ Kxe6 18. Qxg6+ Bf6 19. e4 Nf8 20. Qf5+ Kf7 21. Ne5+ Kg7 22. Nxc6 Bxc6 23. e5 Bh4 24. e6 Be8 25. Qxd5 Rc8 26. Bf4 Ng6 27. Bxg6 Bxg6 28. Be5+ Kh6 29. Bxh8 Rxh8 30. Rf1 Bg5 31. Qe5 Rg8 32. Kg2 cxd4 33. cxd4 Rc8 34. Kg3 Bd2 35. h4 Bb4 36. g5+ Kh7 37. Kg4 Bd6 38. Qe3 Rc2 39. Rf2 1-0

[Event "FRA-ch U20"]
[Site "Le Grand Bornand"]
[Date "2003.??.??"]
[Round "7.4"]
[White "Sorbe, Stephane"]
[Black "Gras, Guillaume"]
[Result "0-1"]
[WhiteElo "2251"]
[BlackElo "2062"]
[PlyCount "108"]
[EventDate "2003.??.??"]
[EventType "swiss"]
[EventRounds "9"]
[EventCountry "FRA"]
[SourceTitle "EXT 2004"]
[Source "ChessBase"]
[SourceDate "2003.11.25"]
[SourceVersion "1"]
[SourceVersionDate "2003.11.25"]
[SourceQuality "1"]

1. e4 Nf6 2. e5 Nd5 3. d4 d6 4. c4 Nb6 5. exd6 cxd6 6. Nc3 g6 7. h3 Bg7 8. Nf3 0-0 9. Be2 Nc6 10. Bg5 h6 11. Be3 d5 12. c5 Nc4 13. Bc1 b6 14. b3 N4a5 15. cxb6 axb6 16. Bf4 g5 17. Bh2 Nxd4 18. Nxd4 Bxd4 19. Qxd4 Nxb3 20. axb3 Rxa1+ 21. Nd1 Ra2 22. h4 e5 23. Bxe5 f6 24. Bg3 Re8 25. Ne3 Re4 26. Qd1 d4 27. Bc4+ Kg7 28. 0-0 gxh4 29. Bh2 b5 30. Bd3 dxe3 31. Bxe4 exf2+ 32. Kh1 Qxd1 33. Rxd1 Re2 34. Rf1 Re1 35. Bd3 Bb7 36. Bg1 Rxf1 37. Bxf1 fxg1Q+ 38. Kxg1 Bd5 39. Bxb5 Bxb3 40. Bc6 Kg6 41. Kh2 Kg5 42. Bf3 Bc2 43. Bd5 f5 44. Bc4 Be4 45. Be2 Kf4 46. Kh3 Ke3 47. Bd1 Kf2 48. Kxh4 Kxg2 49. Bb3 Bf3 50. Be6 f4 51. Bf5 h5 52. Be6 Bg4 53. Bd5+ f3 54. Bc4 Kg1 0-1